Регионална библиотека "Любен Каравелов" - Русе

Средища на българската книжовност IX - XVIII век (Запис номер 57831)

MARC детайли
000 -Лидер
Контролно поле с фиксирана дължина 01724nam a2200397 c 4500
003 - Код на организацията, давaща контролен номер
Контролно поле BLK
005 - Дата и час на последна редакция
Контролно поле 20180420222722.0
008 - Елементи от данни с фиксирана дължина
fixed length control field 180408b bul|||||r ||||||| ||bul||
010 ## - Наследен системен номер
LC control number KNG00061843000
040 ## - Източник на каталожния запис
Идентификатор на билиотеката - собственик на записа BLK
041 ## - Код за език
Код за езика на текст/звукозапис или на отделно заглавие Български
Код за езика КДБФ Български
080 ## - УДК
Текстов определител УДК Период на феодализма в българските земи (VII век -I пол. на XVIII век)
УДК код - определител по УДК 94(497.2)"06/17"
УДК определител
УДК - код + определител 94(497.2)"06/17"
080 ## - УДК
Текстов определител УДК Българска литература
УДК код - определител по УДК 821.163.2
УДК определител .09
УДК - код + определител 821.163.2.09
100 1# - Редна дума - Автор
Автор Чавръков, Георги Иванов
Авторска отговорност първи автор
R(LIN) 271990
139 ## - Редно поле
Редна дума Чавръков, Георги Иванов
Авторски знак Ча - Ч 12
245 10 - Сведения за заглавието
Заглавие Средища на българската книжовност IX - XVIII век
Подзаглавни данни Изследване
Редно поле (дума) Георги Иванов Чавръков.
257 ## - Страна на издаване
Страна на създаване/издаване България
260 ## - Област на издателските данни
-- София
Име на издателя, разпространителя и проч. Нар. просв.
Година на издаване 1987
300 ## - Физическа характеристика
Страници 280 с.
Размери/Мащаб 21 см
380 ## - Жанр
Жанр История
500 ## - Общи забележки
Забележка Авт. не е отбелязан на кор. - 2 913 тир.
650 #4 - Допълнително описание по предмет – тема
Основно описание – тема или топоним Книжовни средища - България
9 (RLIN) 246592
650 #4 - Допълнително описание по предмет – тема
Основно описание – тема или топоним Култура - България - история
9 (RLIN) 251094
650 #4 - Допълнително описание по предмет – тема
Основно описание – тема или топоним България - история, средни векове и османско владичество
9 (RLIN) 246778
650 #4 - Допълнително описание по предмет – тема
Основно описание – тема или топоним Манастири - България - книжовна дейност
9 (RLIN) 245879
650 #4 - Допълнително описание по предмет – тема
Основно описание – тема или топоним Просветители, български
9 (RLIN) 244645
653 ## - Ключова дума – ненормативна
Ключова дума книжовност
653 ## - Ключова дума – ненормативна
Ключова дума култура
653 ## - Ключова дума – ненормативна
Ключова дума просветители
653 ## - Ключова дума – ненормативна
Ключова дума ръкописи
852 ## - Местоположение
Форматна сигнатура Цб 148032
856 4# - Електронен адрес и достъп
Електронен формат pdf - файл
Път до файла /url/
856 4# - Електронен адрес и достъп
Електронен формат pdf - файл
Път до файла /url/
942 ## - АРТИКУЛИ
Вид на библиотечния материал Книги
Скрит в OPAC Не
944 ## - СЪЗДАВАНЕ И РЕДАКЦИЯ на ЗАПИСА
Създаване/Редакция Създаване
Дата на регистрацията/редакция 13.06.2004
Служител, извършил регистрацията/редакцията Читалня
944 ## - СЪЗДАВАНЕ И РЕДАКЦИЯ на ЗАПИСА
Създаване/Редакция Редакция
Дата на регистрацията/редакция 02.10.2015
Служител, извършил регистрацията/редакцията Кети_Илиева
999 ## - СИСТЕМНИ КОНТРОЛНИ НОМЕРА
Koha biblionumber 57831
Koha biblioitemnumber 57831
Наличности
Код за отписване Код за изгубен артикул Източник на класификационната схема Код за повреда Коз за рестрикции Код за отдаване Артикулен № Име на библиотеката - собственик Име на библиотеката, в която се намира в момента Статус (Текущо местоположение) Дата на вписване в системата Местоположение - отдел Цена в лева Инвентарен номер Систематично азбучна сигнатура Баркод Номер на екземпляра Цена в евро Служебна бележка Служебен тип на артикула Бележка за публиката
  Не е изгубен Universal Decimal Classification Не е повреден без рестрикции ползва се в читалня 94470 Регионална библиотека "Любен Каравелов" Русе Регионална библиотека "Любен Каравелов" Русе Читалня 1993-01-01 Читалня 2.43 479687 Ч 94(497.2)/Ч 12 Г 120000479687 1 1.24 Дата инв: 28.03.2017 Бележки инв: Ч2017 Книги  
  Не е изгубен Universal Decimal Classification Не е повреден без рестрикции ползва се в читалня 94471 Регионална библиотека "Любен Каравелов" Русе Регионална библиотека "Любен Каравелов" Русе Хранилище 1987-01-01 Хранилище 2.43 477911 Цб 148032 120000477911 2 1.24 Вид: Сф Дата: 01.01.1987 Книги  
Изтеглен Не е изгубен Universal Decimal Classification Не е повреден без рестрикции заемане за дома 94472 Регионална библиотека "Любен Каравелов" Русе Регионална библиотека "Любен Каравелов" Русе Заемна - подръчен фонд 1987-01-01 Заемна - подръчен фонд 2.43 491127 П 949.72.03/Ч 12 491127 3 1.24 Вид: Сф Дата: 01.01.1987 Книги  
Изтеглен Не е изгубен Universal Decimal Classification Не е повреден без рестрикции заемане за дома 94473 Регионална библиотека "Любен Каравелов" Русе Регионална библиотека "Любен Каравелов" Русе Заемна - подръчен фонд 1987-01-01 Заемна - подръчен фонд 2.93 491128 94(497.2)"06/17"/Ч 12 Г 491128 4 1.50 Вид: Сф Дата: 01.01.1987 Дата инв: 07.02.2018 Бележки инв: П2018 Книги  
Изтеглен Не е изгубен   Не е повреден без рестрикции заемане за дома 94474 Регионална библиотека "Любен Каравелов" Русе Регионална библиотека "Любен Каравелов" Русе   1987-01-01 Заемна - подръчен фонд 2.43 491129 П 949.72.03/Ч 12 491129 5 1.24 Вид: Сф Дата: 01.01.1987 Книги Отч.N: 5 , Дата: 19.01.2018
Изтеглен Не е изгубен Universal Decimal Classification Не е повреден без рестрикции заемане за дома 94475 Регионална библиотека "Любен Каравелов" Русе Регионална библиотека "Любен Каравелов" Русе Заемна - подръчен фонд 1987-01-01 Заемна - подръчен фонд 2.43 491130 П 949.72.03/Ч 12 491130 6 1.24 Вид: Сф Дата: 01.01.1987 Книги  
Изтеглен Не е изгубен Universal Decimal Classification Не е повреден без рестрикции заемане за дома 94476 Регионална библиотека "Любен Каравелов" Русе Регионална библиотека "Любен Каравелов" Русе Детски отдел 1987-01-01 Детски отдел 2.43 479745 ДН 949.72/Ч 12 479745 7 1.24 Вид: Сф Дата: 01.01.1987 Дата инв: 06.10.2015 Бележки инв: Д2015 Книги  
Изтеглен Не е изгубен   Не е повреден без рестрикции заемане за дома 94477 Регионална библиотека "Любен Каравелов" Русе Регионална библиотека "Любен Каравелов" Русе   1987-01-01 Детски отдел 2.73 491131 ДН 949.72/Ч 12 491131 8 1.40 Вид: Сф Дата: 01.01.1987 Дата инв: 06.10.2015 Бележки инв: Д2015 Книги Отч.N: 49/17 , Дата: 09.10.2017
Vip Innovations Ltd, Rousse, Bulgaria 2025